3-Letter Scrabble Words that start with "R" - Statistics

General Stats
  • This quiz has been taken 798 times
  • The average score is 45 of 50
Answer Stats
Answer % Correct
ran
98%
rat
98%
raw
97%
red
97%
rag
96%
ram
96%
rap
96%
ray
96%
rot
96%
run
96%
rad
95%
rib
95%
rid
95%
rim
95%
rip
95%
rod
95%
rig
94%
row
94%
rug
94%
rem
93%
rep
93%
rob
93%
rut
93%
ref
92%
ret
92%
reg
91%
roe
91%
rub
91%
rue
91%
rum
91%
rex
90%
rin
90%
rom
90%
reb
89%
res
89%
rah
88%
ras
88%
rec
88%
ree
88%
rev
88%
roc
88%
raj
87%
rax
87%
rif
87%
rai
84%
rei
82%
ria
80%
rye
77%
rho
55%
rya
55%
No matching quizzes found
Score Distribution
Percent of People with Each Score
Percentile by Number Answered
Your Score History
You have not taken this quiz